| 000 | 00680nam a22002057a 4500 | ||
|---|---|---|---|
| 999 |
_c12747 _d12747 |
||
| 003 | AR-CdUCM | ||
| 008 | 190410b ||||| |||| 00| 0 spa d | ||
| 040 |
_aMUNICIPALIDAD PROVINCIAL DEL CUSCO _cBIBLIOTECA MUNICIPAL DEL CUSCO |
||
| 082 |
_aES / 800 / _bG77 |
||
| 110 |
_aEditorial Noguer S. A. _930784 |
||
| 245 | _aLos Mejores Cuentos de los Hermanos Grimm / | ||
| 260 |
_aBarcelona : _bNoguer S. A. ; _c1962. |
||
| 300 |
_a348 pƔginas ; _bIlustraciones _c24cm |
||
| 505 | _aContenido: Cuentos | ||
| 650 |
_aCuentos _9217 |
||
| 650 |
_aLiteratura universal _9611 |
||
| 700 |
_aGrabianski, Janusz (ilustración) _930785 |
||
| 942 |
_2ddc _cLIBROS |
||
| 945 |
_anom _d2019-04-10 |
||